000 00299nam a2200121 4500
082 _a005 .8 CIS
245 _aCISCO 2600 SERIES HARDWARE INSTALLATOING GUIDE
260 _aLONDON
_bPEARSON
_c2000
300 _axviii,318p.
_bill,;21cm
500 _ainclude index
650 _aGUIDE
942 _cBK
999 _c14531
_d14531